Estǹdares/Normas Internacionales de Aseguramiento de la Informacin̤ Financiera (ISA/NIA)

Detalles Bibliográficos
Autor principal: Alberto Mantilla. B, Samuel
Formato: Libro
Lenguaje:español
Publicado: Colombia ECOE 2015
Materias:
Acceso en línea:Acceso restringido

MARC

LEADER 00000nam a22000007a 4500
005 20160121123615.0
007 cr|||| ||u|
008 160121s2015 ck ||||| |||| 00||0 spa d
020 |a 978-958-771-165-3 
035 |a 13049 
040 |a vLex 
090 |c 5822  |d 5822 
100 1 |a Alberto Mantilla. B, Samuel  
245 1 0 |a Estǹdares/Normas Internacionales de Aseguramiento de la Informacin̤ Financiera (ISA/NIA)  |h [Recurso electrn̤ico] /  |c Samuel Alberto Mantilla B.  
256 |a Servicio en ln̕ea  
260 |a Colombia   |b ECOE  |c 2015 
300 |a 1 recurso electrn̤ico (- 310 preguntas de seleccin̤ ml︢tiple -. 630 Pg̀inas). 
500 |a Los fundamentos, los estǹdares y las implicaciones.  
506 1 |a Contenido solo disponible en los productos indicados  |d vLex Global  |d vLex Global (Academic Edition, excluding Law Schools)  |d vLex Global (U.S. Academic Edition, Law Schools)  |d vLex Global (U.S. Academic Edition, excluding Law Schools)  |d vLex Global (Academic Edition, Law Schools) 
650 0 4 |a Derecho  |z Colombia 
740 0 |a vLex libros (servicio en ln̕ea) 
856 4 0 |u http://vlex.com/source/estandares-normas-internacionales-aseguramiento-informacion-financiera-isa-nia--13049  |z Acceso restringido  
942 |c BOOK 
999 0 |a Law